000
00313nam a2200133Ia 4500
005
20260328104322.0
008
260328s9999||||xx |||||||||||||| ||und||
100
_a
Insausti, Pilar
245
0
_a
Giorgio Grassi /
_c
Pilar Insausti
260
_b
Electa
300
_a
283 p.
650
_a
ARQUITECTURA
942
_c
BK
999
_c
11383
_d
11383